00401nam a2200109Ia 4500008004100000020001800041100003200059245009700091260003900188650001400227856005000241171212s9999 xx 000 0 und d a9780980672398 aBacchi, Carol;Eveline, Joan cBacchi, Carol;Eveline, JoanaMainstreaming PoliticsbGendering Practices and Feminist Theory bUniversity of Adelaide Pressc2010 aSociology uhttp://jstor.org/stable/10.20851/j.ctt1t30564